1936 1856 1235 1846 1455 1039 1741 1468 1076 1239 1700 1950 1188 1041 1951 1512 1226 1018 1968 1633 1522 1630 1185 1110 1754 1408 1385 1633 1386 1811 1182 1222 1689 1869 1105 1078 1174 1890 1806 1622 1350 1013 1387 1307 1321 1110 1440 1912 1574 1785 1282 1307 1571 1817 1196 1938 1468 1280 1597 1628 1705 1421 1071 1273 1112 1325 1921 1853 1829 1870 1107 1571 1758 1430 1438 1271 1797 1288 1024 1513 1619 1533 1471 1032 1055 1324 1709 1739 1746 1821 1227 1327 1785 1892 1175 1948 1243 1334 1866 BCNSPRNW ULIB Ver.6.0+V

เปลี่ยนเป็นภาษาไทย

Change to English
 แสดงรายละเอียดบรรณานุกรม
  กลับหน้าหลัก

Brief Record : Get Marc (ISO 2709) : E-mail record : QR code < ปิดหน้าต่าง
LEADER : 00000nam 2200000uu 4500
001    13399114980
003     ULIB
008    120626s2552||||th 000 0 tha d
020    ^a9789745764002
090    ^aนว.^bส174น
098    ^aนว.^bส174น
100 0  ^aสเตเฟนี่ เมเยอร์
245 00 ^aนวจันทรา (New Moon)/^cสเตเฟนี่ เมเยอร์
250    ^aพิมพ์ครั้งที่ 8
260    ^aกรุงเทพฯ :^bปราชญ์เปรียว,^c2552
300    ^a509 หน้า
710 1  ^aปราชญ์เปรียว
945    ^p335^l0^i16311
995    ^aกัณชพร
999    ^aใช้งานได้ทุกระบบ
รายการนี้ยังไม่มีแท็ก
คุณยังไม่ได้ล็อกอิน คุณสามารถมีกิจกรรมร่วมกับเว็บไซต์ได้ แต่ต้องล็อกอินก่อน ::
  ล็อกอิน

รายการสื่อสารสนเทศ

ลำดับที่ ประเภท เลขเรียก/บาร์โค้ด สถานที่ สถานะ
1. วิทยาศาสตร์การแพทย์ และสุขภาพ
วิทยาศาสตร์การแพทย์ และสุขภาพ
นว. ส174น  
  Barcode: 16311
ห้องสมุดวิทยาเขตสวรรค์ประชารักษ์
►นวนิยาย
บนชั้น
  ขอยืม

รายการใกล้เคียง
    ผู้แต่ง [สเตเฟนี่ เมเยอร์]

BibComment


ยังไม่เคยถูกคอมเมนท์

คอมเมนท์ทรัพยากรรายการนี้
  คอมเมนท์: นวจันทรา New Moo..


 Copyright 2026. Bcnsprnw @Library